[Event "Team Championship of Russia (rapid)"]
[Site "Sochi"]
[Date "2015.05.09"]
[Round "9.13"]
[White "Goganov, Aleksey"]
[Black "Kamsky, Gata"]
[Result "1/2-1/2"]
[LiveChessVersion "1.4.4"]
[BlackElo "2675"]
[WhiteElo "2500"]
[BlackTeam "Ladya"]
[WhiteTeam "Polytechnic"]

1. Nf3 {[%clk 0:15:17]} Nf6 {[%clk 0:15:19]} 2. g3 {[%clk 0:15:25]} d5
{[%clk 0:15:27]} 3. Bg2 {[%clk 0:15:34]} g6 {[%clk 0:15:36]} 4. c4
{[%clk 0:15:17]} c6 {[%clk 0:15:44]} 5. b3 {[%clk 0:15:24]} Bg7 {[%clk 0:15:53]}
6. Bb2 {[%clk 0:15:33]} O-O {[%clk 0:16:00]} 7. O-O {[%clk 0:15:41]} Bg4
{[%clk 0:16:01]} 8. d4 {[%clk 0:15:16]} Qc8 {[%clk 0:15:49]} 9. Nc3
{[%clk 0:15:20]} Bh3 {[%clk 0:15:43]} 10. Rc1 {[%clk 0:14:17]} Bxg2
{[%clk 0:15:51]} 11. Kxg2 {[%clk 0:14:26]} Rd8 {[%clk 0:15:56]} 12. cxd5
{[%clk 0:14:19]} Nxd5 {[%clk 0:16:04]} 13. e4 {[%clk 0:14:20]} Nxc3
{[%clk 0:15:48]} 14. Bxc3 {[%clk 0:14:28]} Qd7 {[%clk 0:15:23]} 15. Qe2
{[%clk 0:14:23]} Na6 {[%clk 0:15:28]} 16. Rfd1 {[%clk 0:14:29]} Nc7
{[%clk 0:15:36]} 17. Ba5 {[%clk 0:13:29]} Rac8 {[%clk 0:15:12]} 18. h3
{[%clk 0:11:28]} h6 {[%clk 0:11:51]} 19. Qe3 {[%clk 0:11:08]} b6 {[%clk 0:11:40]}
20. Bc3 {[%clk 0:11:01]} Nb5 {[%clk 0:10:47]} 21. Ba1 {[%clk 0:11:07]} Qe6
{[%clk 0:10:46]} 22. d5 {[%clk 0:09:57]} cxd5 {[%clk 0:10:52]} 23. Bxg7
{[%clk 0:10:02]} Kxg7 {[%clk 0:10:57]} 24. Rxc8 {[%clk 0:06:47]} Rxc8
{[%clk 0:11:05]} 25. Rxd5 {[%clk 0:06:55]} Nc3 {[%clk 0:11:08]} 26. Nd4
{[%clk 0:06:07]} Qxe4+ {[%clk 0:09:38]} 27. Qxe4 {[%clk 0:06:15]} Nxe4
{[%clk 0:09:47]} 28. Re5 {[%clk 0:06:24]} Nc5 {[%clk 0:09:35]} 29. Rxe7
{[%clk 0:06:29]} a5 {[%clk 0:09:44]} 30. Kf3 {[%clk 0:04:37]} Kf6
{[%clk 0:09:32]} 31. Ra7 {[%clk 0:04:41]} Rd8 {[%clk 0:09:34]} 32. Ke3
{[%clk 0:04:39]} Re8+ {[%clk 0:09:42]} 33. Kf3 {[%clk 0:04:48]} Nd3
{[%clk 0:09:39]} 34. Nc2 {[%clk 0:04:17]} Ne5+ {[%clk 0:08:34]} 35. Kg2
{[%clk 0:04:26]} Rd8 {[%clk 0:08:19]} 36. Rb7 {[%clk 0:03:34]} Rd2
{[%clk 0:08:21]} 37. Rxb6+ {[%clk 0:03:42]} Kg7 {[%clk 0:08:30]} 38. Ne1
{[%clk 0:03:29]} Rxa2 {[%clk 0:08:32]} 39. Rb5 {[%clk 0:03:37]} Kf6
{[%clk 0:08:21]} 40. Rc5 {[%clk 0:02:29]} Ke6 {[%clk 0:08:00]} 41. Rc3
{[%clk 0:02:33]} Rd2 {[%clk 0:05:46]} 42. Re3 {[%clk 0:01:28]} f6
{[%clk 0:05:54]} 43. Nf3 {[%clk 0:01:29]} Rd3 {[%clk 0:05:54]} 44. Rxd3
{[%clk 0:00:58]} Nxd3 {[%clk 0:06:03]} 45. Nd2 {[%clk 0:01:06]} Nc1
{[%clk 0:04:27]} 46. Kf3 {[%clk 0:01:12]} Kd5 {[%clk 0:04:31]} 47. Ke3
{[%clk 0:01:21]} f5 {[%clk 0:04:28]} 48. g4 {[%clk 0:01:28]} fxg4
{[%clk 0:02:51]} 49. hxg4 {[%clk 0:01:37]} h5 {[%clk 0:01:15]} 50. gxh5
{[%clk 0:01:43]} gxh5 {[%clk 0:01:24]} 51. Kf4 {[%clk 0:01:40]} Nd3+
{[%clk 0:01:23]} 52. Kg5 {[%clk 0:01:48]} Nxf2 {[%clk 0:01:31]} 53. Nc4
{[%clk 0:01:51]} 1/2-1/2

[Event "Team Championship of Russia (rapid)"]
[Site "Sochi"]
[Date "2015.05.09"]
[Round "9.14"]
[White "Artemiev, Vladislav"]
[Black "Krutko, Anatoly"]
[Result "1-0"]
[LiveChessVersion "1.4.4"]
[BlackElo "2486"]
[WhiteElo "2562"]
[WhiteTeam "Ladya"]

1. Nf3 {[%clk 0:15:11]} Nf6 {[%clk 0:15:17]} 2. g3 {[%clk 0:15:19]} g6
{[%clk 0:15:13]} 3. b3 {[%clk 0:15:27]} Bg7 {[%clk 0:15:21]} 4. Bb2
{[%clk 0:15:36]} a5 {[%clk 0:15:25]} 5. Bg2 {[%clk 0:15:24]} a4 {[%clk 0:15:33]}
6. b4 {[%clk 0:15:26]} d5 {[%clk 0:15:33]} 7. O-O {[%clk 0:15:27]} O-O
{[%clk 0:15:36]} 8. a3 {[%clk 0:14:33]} Nbd7 {[%clk 0:15:35]} 9. d3
{[%clk 0:13:55]} Re8 {[%clk 0:14:26]} 10. c4 {[%clk 0:13:39]} dxc4
{[%clk 0:14:22]} 11. dxc4 {[%clk 0:13:47]} Nb6 {[%clk 0:14:31]} 12. Nbd2
{[%clk 0:12:55]} c6 {[%clk 0:14:21]} 13. c5 {[%clk 0:12:04]} Nbd5
{[%clk 0:14:19]} 14. Qc1 {[%clk 0:10:26]} Bf5 {[%clk 0:12:14]} 15. Ne5
{[%clk 0:09:33]} Qb8 {[%clk 0:06:46]} 16. Nec4 {[%clk 0:09:22]} Bg4
{[%clk 0:06:24]} 17. Re1 {[%clk 0:08:01]} Qa7 {[%clk 0:05:38]} 18. Be5
{[%clk 0:06:45]} Nd7 {[%clk 0:03:43]} 19. Bxg7 {[%clk 0:06:53]} Kxg7
{[%clk 0:03:52]} 20. Qc2 {[%clk 0:06:28]} Rad8 {[%clk 0:03:40]} 21. Nb2
{[%clk 0:06:23]} Ra8 {[%clk 0:03:28]} 22. Ndc4 {[%clk 0:05:48]} Be6
{[%clk 0:02:36]} 23. Red1 {[%clk 0:04:56]} Kg8 {[%clk 0:02:43]} 24. Rd4
{[%clk 0:04:45]} Rec8 {[%clk 0:01:08]} 25. Nd3 {[%clk 0:02:04]} Qa6
{[%clk 0:00:51]} 26. Rc1 {[%clk 0:01:38]} Rc7 {[%clk 0:00:38]} 27. Qd2
{[%clk 0:01:31]} N5f6 {[%clk 0:00:32]} 28. Ncb2 {[%clk 0:00:58]} Bd5
{[%clk 0:00:23]} 29. e4 {[%clk 0:00:48]} Be6 {[%clk 0:00:32]} 30. f4
{[%clk 0:00:45]} Nf8 {[%clk 0:00:31]} 31. h3 {[%clk 0:00:26]} Bb3
{[%clk 0:00:38]} 32. Ne5 {[%clk 0:00:33]} Rcc8 {[%clk 0:00:25]} 33. f5
{[%clk 0:00:29]} Qa7 {[%clk 0:00:30]} 34. g4 {[%clk 0:00:33]} Qb8
{[%clk 0:00:35]} 35. Nbc4 {[%clk 0:00:17]} Qc7 {[%clk 0:00:31]} 36. g5
{[%clk 0:00:18]} Nh5 {[%clk 0:00:39]} 37. Ng4 {[%clk 0:00:24]} Rd8
{[%clk 0:00:36]} 38. Qc3 {[%clk 0:00:25]} f6 {[%clk 0:00:24]} 39. gxf6
{[%clk 0:00:30]} exf6 {[%clk 0:00:32]} 40. Nd6 {[%clk 0:00:36]} Qe7
{[%clk 0:00:33]} 41. Re1 {[%clk 0:00:36]} Nd7 {[%clk 0:00:39]} 42. Nxb7
{[%clk 0:00:26]} Rf8 {[%clk 0:00:47]} 43. Na5 {[%clk 0:00:30]} Ne5
{[%clk 0:00:37]} 44. Nxe5 {[%clk 0:00:18]} fxe5 {[%clk 0:00:46]} 45. Nxc6
{[%clk 0:00:26]} Qg5 {[%clk 0:00:54]} 46. Nxe5 {[%clk 0:00:23]} Nf4
{[%clk 0:01:04]} 47. Ng4 {[%clk 0:00:14]} h5 48. Rd7 Rf7 {[%clk 0:00:54]} 49.
Rxf7 {[%clk 0:00:33]} Bxf7 {[%clk 0:01:01]} 50. Nf6+ {[%clk 0:00:39]} Kg7
{[%clk 0:00:57]} 51. Nxh5+ {[%clk 0:00:46]} 1-0

[Event "Team Championship of Russia (rapid)"]
[Site "Sochi"]
[Date "2015.05.09"]
[Round "9.16"]
[White "Sharafiev, Azat"]
[Black "Ozgibcev, Anatoly"]
[Result "1/2-1/2"]
[LiveChessVersion "1.4.4"]
[BlackElo "2438"]
[WhiteElo "2674"]
[WhiteTeam "Ladya"]

1. Nf3 {[%clk 0:15:19]} d5 {[%clk 0:15:14]} 2. c4 {[%clk 0:15:28]} e6
{[%clk 0:15:23]} 3. e3 {[%clk 0:15:26]} Nf6 {[%clk 0:15:29]} 4. Nc3
{[%clk 0:15:34]} c5 {[%clk 0:15:35]} 5. d4 {[%clk 0:15:40]} Nc6 {[%clk 0:15:42]}
6. a3 {[%clk 0:15:45]} Ne4 {[%clk 0:15:35]} 7. Bd3 {[%clk 0:15:04]} Nxc3
{[%clk 0:15:42]} 8. bxc3 {[%clk 0:15:13]} Be7 {[%clk 0:15:45]} 9. O-O
{[%clk 0:15:12]} O-O {[%clk 0:15:40]} 10. a4 {[%clk 0:14:38]} dxc4
{[%clk 0:15:15]} 11. Bxc4 {[%clk 0:14:46]} b6 {[%clk 0:15:21]} 12. Ba3
{[%clk 0:14:24]} cxd4 {[%clk 0:15:13]} 13. Bxe7 {[%clk 0:14:27]} Qxe7
{[%clk 0:15:09]} 14. cxd4 {[%clk 0:14:36]} Bb7 {[%clk 0:15:05]} 15. Bd3
{[%clk 0:14:29]} Nb4 {[%clk 0:13:12]} 16. Bb5 {[%clk 0:14:23]} Rac8
{[%clk 0:12:45]} 17. Ne5 {[%clk 0:12:21]} 1/2-1/2

[Event "Team Championship of Russia (rapid)"]
[Site "Sochi"]
[Date "2015.05.09"]
[Round "9.17"]
[White "Triapishko, Olexandr"]
[Black "Korobov, Anton"]
[Result "1/2-1/2"]
[LiveChessVersion "1.4.4"]
[BlackElo "2660"]
[WhiteElo "2544"]
[BlackTeam "Siberia"]
[WhiteTeam "Crimea"]

1. e4 {[%clk 0:15:17]} c5 {[%clk 0:15:19]} 2. Nf3 {[%clk 0:15:26]} d6
{[%clk 0:15:29]} 3. d4 {[%clk 0:15:33]} cxd4 {[%clk 0:15:37]} 4. Nxd4
{[%clk 0:15:40]} Nf6 {[%clk 0:15:45]} 5. Nc3 {[%clk 0:15:48]} a6 {[%clk 0:15:55]}
6. Be3 {[%clk 0:15:52]} e6 {[%clk 0:16:03]} 7. g4 {[%clk 0:15:42]} h6
{[%clk 0:16:08]} 8. h4 {[%clk 0:14:57]} Nc6 {[%clk 0:16:13]} 9. Rg1
{[%clk 0:14:22]} d5 {[%clk 0:15:37]} 10. exd5 {[%clk 0:13:46]} Nxd5
{[%clk 0:15:44]} 11. Nxd5 {[%clk 0:13:37]} exd5 {[%clk 0:15:53]} 12. g5
{[%clk 0:12:36]} hxg5 {[%clk 0:15:43]} 13. hxg5 {[%clk 0:12:43]} g6
{[%clk 0:13:44]} 14. Qd2 {[%clk 0:11:40]} Qa5 {[%clk 0:12:34]} 15. Qxa5
{[%clk 0:09:50]} Nxa5 {[%clk 0:12:42]} 16. O-O-O {[%clk 0:09:53]} Bg7
{[%clk 0:11:48]} 17. Bg2 {[%clk 0:06:18]} Be6 {[%clk 0:11:46]} 18. Rge1
{[%clk 0:05:55]} Nc6 {[%clk 0:11:53]} 19. Nxe6 {[%clk 0:04:55]} fxe6
{[%clk 0:12:02]} 20. c4 {[%clk 0:03:00]} dxc4 {[%clk 0:11:25]} 21. Bxc6+
{[%clk 0:02:02]} bxc6 {[%clk 0:11:33]} 22. Bd4 {[%clk 0:01:43]} Bxd4
{[%clk 0:08:34]} 23. Rxd4 Ke7 24. Rxc4 {[%clk 0:01:37]} Kd6 {[%clk 0:08:34]} 25.
Rd4+ {[%clk 0:01:40]} Kc5 {[%clk 0:08:43]} 26. Rde4 {[%clk 0:01:45]} Raf8
{[%clk 0:08:50]} 27. Re5+ {[%clk 0:01:14]} Kb6 {[%clk 0:08:57]} 28. R1e2
{[%clk 0:00:56]} Rh5 {[%clk 0:08:25]} 29. Kc2 {[%clk 0:00:35]} Rf5
{[%clk 0:08:26]} 30. Rxf5 {[%clk 0:00:26]} exf5 {[%clk 0:08:35]} 31. f4
{[%clk 0:00:34]} Rh4 {[%clk 0:08:41]} 32. Re6 {[%clk 0:00:40]} Rxf4
{[%clk 0:08:31]} 33. Rxg6 {[%clk 0:00:49]} Rg4 {[%clk 0:08:09]} 34. Rg8
{[%clk 0:00:50]} a5 {[%clk 0:08:04]} 35. g6 {[%clk 0:00:44]} Kb7 {[%clk 0:08:14]}
36. g7 {[%clk 0:00:39]} Ka7 {[%clk 0:08:19]} 37. b3 {[%clk 0:00:38]} Kb7
{[%clk 0:08:26]} 38. Kd3 {[%clk 0:00:46]} Ka7 {[%clk 0:08:30]} 39. Kc3
{[%clk 0:00:30]} Kb7 {[%clk 0:08:38]} 1/2-1/2

[Event "Team Championship of Russia (rapid)"]
[Site "Sochi"]
[Date "2015.05.09"]
[Round "9.18"]
[White "Kokarev, Dmitry"]
[Black "Shemeakin, Alexander"]
[Result "1-0"]
[LiveChessVersion "1.4.4"]
[BlackElo "2559"]
[WhiteElo "2608"]
[BlackTeam "Crimea"]
[WhiteTeam "Siberia"]

1. e4 {[%clk 0:15:16]} e6 {[%clk 0:15:18]} 2. d4 {[%clk 0:15:23]} d5
{[%clk 0:15:27]} 3. Nc3 {[%clk 0:15:31]} Nf6 {[%clk 0:15:35]} 4. e5
{[%clk 0:15:38]} Nfd7 {[%clk 0:15:43]} 5. f4 {[%clk 0:15:45]} c5 {[%clk 0:15:52]}
6. Nf3 {[%clk 0:15:53]} Nc6 {[%clk 0:16:00]} 7. Be3 {[%clk 0:16:00]} cxd4
{[%clk 0:16:08]} 8. Nxd4 {[%clk 0:16:07]} Bc5 {[%clk 0:16:16]} 9. Qd2
{[%clk 0:16:12]} O-O {[%clk 0:16:23]} 10. g3 {[%clk 0:16:15]} a6 {[%clk 0:14:50]}
11. a3 {[%clk 0:16:21]} Nxd4 {[%clk 0:14:31]} 12. Bxd4 {[%clk 0:16:28]} b5
{[%clk 0:14:28]} 13. Bg2 {[%clk 0:16:35]} Bb7 {[%clk 0:14:34]} 14. Ne2
{[%clk 0:16:41]} Rc8 {[%clk 0:13:24]} 15. O-O {[%clk 0:16:44]} Qb6
{[%clk 0:12:25]} 16. Kh1 {[%clk 0:16:14]} a5 {[%clk 0:11:38]} 17. b4
{[%clk 0:16:21]} Bxd4 {[%clk 0:11:02]} 18. Nxd4 {[%clk 0:16:28]} Rc4
{[%clk 0:10:55]} 19. Rfd1 {[%clk 0:16:13]} a4 {[%clk 0:09:15]} 20. h4
{[%clk 0:15:13]} Rfc8 {[%clk 0:09:02]} 21. Bf1 {[%clk 0:15:08]} f6
{[%clk 0:08:24]} 22. Bh3 {[%clk 0:13:49]} Nf8 {[%clk 0:05:54]} 23. Kh2
{[%clk 0:12:51]} Rc3 {[%clk 0:03:40]} 24. Ra2 {[%clk 0:11:07]} R8c4
{[%clk 0:03:03]} 25. Bf1 {[%clk 0:11:02]} fxe5 {[%clk 0:02:38]} 26. fxe5
{[%clk 0:10:44]} Ng6 {[%clk 0:02:44]} 27. Bxc4 {[%clk 0:10:43]} Rxc4
{[%clk 0:02:38]} 28. Qe3 {[%clk 0:10:46]} Ne7 {[%clk 0:01:13]} 29. c3
{[%clk 0:10:37]} h6 {[%clk 0:01:06]} 30. Rf2 {[%clk 0:10:38]} Bc8
{[%clk 0:00:54]} 31. Rdf1 {[%clk 0:10:36]} Qd8 {[%clk 0:00:26]} 32. Rf8+
{[%clk 0:09:19]} Qxf8 {[%clk 0:00:35]} 33. Rxf8+ {[%clk 0:09:27]} Kxf8
{[%clk 0:00:44]} 34. Nxb5 {[%clk 0:09:22]} Nf5 {[%clk 0:00:49]} 35. Qa7
{[%clk 0:09:27]} Kg8 {[%clk 0:00:16]} 36. h5 {[%clk 0:08:33]} Kh7
{[%clk 0:00:23]} 37. Qf7 {[%clk 0:07:53]} Ne3 {[%clk 0:00:14]} 38. Nd6
{[%clk 0:06:55]} Ng4+ {[%clk 0:00:17]} 39. Kh3 {[%clk 0:05:11]} Nxe5
{[%clk 0:00:25]} 40. Qf8 {[%clk 0:05:17]} Nd7 {[%clk 0:00:11]} 41. Qd8
{[%clk 0:05:11]} 1-0

[Event "Team Championship of Russia (rapid)"]
[Site "Sochi"]
[Date "2015.05.09"]
[Round "9.19"]
[White "Alexeev, Alexey"]
[Black "Bocharov, Dmitry"]
[Result "0-1"]
[LiveChessVersion "1.4.4"]
[BlackElo "2553"]
[WhiteElo "2416"]
[BlackTeam "Siberia"]
[WhiteTeam "Crimea"]

1. d4 {[%clk 0:15:18]} Nf6 {[%clk 0:15:14]} 2. g3 {[%clk 0:15:23]} c5
{[%clk 0:15:22]} 3. d5 {[%clk 0:15:27]} b5 {[%clk 0:15:24]} 4. Bg2
{[%clk 0:15:30]} d6 {[%clk 0:15:33]} 5. e4 {[%clk 0:15:31]} g6 {[%clk 0:15:39]}
6. Ne2 {[%clk 0:15:22]} Nbd7 {[%clk 0:15:43]} 7. O-O {[%clk 0:15:17]} Bg7
{[%clk 0:15:52]} 8. h3 {[%clk 0:14:07]} O-O {[%clk 0:15:53]} 9. c3
{[%clk 0:13:47]} Nb6 {[%clk 0:15:57]} 10. Bf4 {[%clk 0:12:49]} Nh5
{[%clk 0:16:02]} 11. Bg5 {[%clk 0:12:43]} h6 {[%clk 0:16:09]} 12. Be3
{[%clk 0:12:47]} e6 {[%clk 0:16:19]} 13. dxe6 {[%clk 0:11:49]} Bxe6
{[%clk 0:16:04]} 14. Nd2 {[%clk 0:11:11]} Re8 {[%clk 0:16:05]} 15. Qc2 Rc8 16. g4
{[%clk 0:11:01]} Nf6 {[%clk 0:16:11]} 17. Nf4 {[%clk 0:10:43]} Bd7
{[%clk 0:16:18]} 18. Rae1 {[%clk 0:09:58]} Bc6 {[%clk 0:16:08]} 19. Ne2
{[%clk 0:08:34]} h5 {[%clk 0:13:44]} 20. g5 {[%clk 0:08:21]} Nfd7
{[%clk 0:13:51]} 21. f4 {[%clk 0:08:18]} d5 {[%clk 0:13:59]} 22. Qb1
{[%clk 0:08:06]} dxe4 {[%clk 0:12:04]} 23. Nxe4 {[%clk 0:08:11]} Qe7
{[%clk 0:11:20]} 24. N2g3 {[%clk 0:06:14]} h4 {[%clk 0:11:16]} 25. Bxc5
{[%clk 0:05:46]} Nxc5 {[%clk 0:11:14]} 26. Nf6+ {[%clk 0:05:53]} Bxf6
{[%clk 0:11:19]} 27. Rxe7 {[%clk 0:05:59]} Bxe7 {[%clk 0:11:27]} 28. Bxc6
{[%clk 0:05:34]} Rxc6 {[%clk 0:11:29]} 29. Ne2 {[%clk 0:05:36]} Ne6
{[%clk 0:10:56]} 30. Qe4 {[%clk 0:05:30]} Rc4 {[%clk 0:10:57]} 31. Qe5
{[%clk 0:05:25]} Ng7 {[%clk 0:10:59]} 32. Qxb5 {[%clk 0:05:27]} Bc5+
{[%clk 0:11:05]} 33. Nd4 {[%clk 0:05:29]} Bxd4+ {[%clk 0:11:05]} 34. cxd4
{[%clk 0:05:38]} Re3 {[%clk 0:11:11]} 35. d5 {[%clk 0:03:45]} Nf5
{[%clk 0:11:13]} 36. Qa5 {[%clk 0:02:19]} Rg3+ {[%clk 0:11:15]} 37. Kh1
{[%clk 0:02:16]} Rxh3+ {[%clk 0:11:23]} 38. Kg1 {[%clk 0:02:22]} Rg3+
{[%clk 0:11:24]} 39. Kh1 {[%clk 0:02:28]} Rc2 {[%clk 0:11:29]} 40. Qb5
{[%clk 0:01:01]} Ne3 {[%clk 0:10:46]} 41. Qe8+ {[%clk 0:00:32]} Kg7
{[%clk 0:10:52]} 42. Qe4 {[%clk 0:00:14]} Rh3+ {[%clk 0:10:34]} 43. Kg1
{[%clk 0:00:22]} Rg3+ {[%clk 0:10:23]} 44. Kh1 {[%clk 0:00:31]} Nbxd5
{[%clk 0:10:26]} 45. f5 {[%clk 0:00:16]} Rh3+ {[%clk 0:10:24]} 46. Kg1
{[%clk 0:00:25]} Rg2+ {[%clk 0:10:30]} 47. Qxg2 {[%clk 0:00:32]} Nxg2
{[%clk 0:10:38]} 48. f6+ {[%clk 0:00:41]} Kh7 {[%clk 0:10:38]} 0-1

[Event "Team Championship of Russia (rapid)"]
[Site "Sochi"]
[Date "2015.05.09"]
[Round "9.20"]
[White "Maletin, Pavel"]
[Black "Vasilevich, Tatjana"]
[Result "1/2-1/2"]
[LiveChessVersion "1.4.4"]
[BlackElo "2268"]
[WhiteElo "2540"]
[BlackTeam "Crimea"]
[WhiteTeam "Siberia"]

1. Nf3 {[%clk 0:15:18]} d5 {[%clk 0:15:18]} 2. g3 {[%clk 0:15:26]} Nf6
{[%clk 0:15:22]} 3. Bg2 {[%clk 0:15:34]} b5 {[%clk 0:15:25]} 4. b3
{[%clk 0:15:22]} Bb7 {[%clk 0:15:31]} 5. c4 {[%clk 0:15:27]} b4 {[%clk 0:14:48]}
6. cxd5 {[%clk 0:15:31]} Bxd5 {[%clk 0:14:36]} 7. Bb2 {[%clk 0:15:39]} e6
{[%clk 0:14:37]} 8. O-O {[%clk 0:15:45]} Be7 {[%clk 0:14:38]} 9. d3
{[%clk 0:15:52]} Nbd7 {[%clk 0:14:08]} 10. Nbd2 {[%clk 0:15:56]} Nb6
{[%clk 0:14:03]} 11. Qc2 {[%clk 0:15:56]} O-O {[%clk 0:13:54]} 12. Ne5
{[%clk 0:15:39]} Bxg2 {[%clk 0:12:02]} 13. Kxg2 {[%clk 0:15:47]} c5
{[%clk 0:12:10]} 14. Nec4 {[%clk 0:15:33]} Rc8 {[%clk 0:12:01]} 15. a4
{[%clk 0:15:10]} Qd5+ {[%clk 0:11:10]} 16. Kg1 {[%clk 0:15:15]} Qh5
{[%clk 0:10:48]} 17. Nf3 {[%clk 0:14:15]} Qh3 {[%clk 0:10:09]} 18. Nxb6
{[%clk 0:13:39]} axb6 {[%clk 0:10:17]} 19. Bxf6 {[%clk 0:13:48]} Bxf6
{[%clk 0:10:15]} 20. Ra2 {[%clk 0:13:57]} Rfd8 {[%clk 0:09:22]} 21. Qc4
{[%clk 0:14:00]} Rd5 {[%clk 0:06:56]} 22. a5 {[%clk 0:14:01]} bxa5
{[%clk 0:06:58]} 23. Rxa5 {[%clk 0:14:09]} Rh5 {[%clk 0:06:59]} 24. Rc1
{[%clk 0:13:40]} Bc3 {[%clk 0:06:25]} 25. d4 {[%clk 0:12:31]} g5 {[%clk 0:05:54]}
26. Rxc5 {[%clk 0:12:35]} Rxc5 {[%clk 0:05:08]} 27. dxc5 {[%clk 0:12:42]} g4
{[%clk 0:05:04]} 28. Nh4 {[%clk 0:12:50]} Rxh4 {[%clk 0:04:22]} 29. gxh4
{[%clk 0:12:49]} Be5 {[%clk 0:04:31]} 30. f4 {[%clk 0:11:43]} gxf3
{[%clk 0:03:57]} 31. exf3 {[%clk 0:11:48]} Qxh2+ {[%clk 0:02:45]} 32. Kf1
{[%clk 0:11:56]} Bf4 {[%clk 0:02:04]} 33. Rd1 {[%clk 0:09:32]} Qh1+
{[%clk 0:01:24]} 34. Ke2 {[%clk 0:09:40]} Qg2+ {[%clk 0:01:31]} 35. Kd3
{[%clk 0:09:44]} Qxf3+ {[%clk 0:01:25]} 36. Kc2 {[%clk 0:09:53]} Qg2+
{[%clk 0:01:00]} 37. Kb1 {[%clk 0:09:58]} Be5 {[%clk 0:00:56]} 38. Qc2
{[%clk 0:10:06]} Qa8 {[%clk 0:00:59]} 39. Qc4 {[%clk 0:08:16]} Qg2
{[%clk 0:01:03]} 40. Rd8+ {[%clk 0:08:11]} Kg7 {[%clk 0:01:10]} 41. Qc2
{[%clk 0:08:03]} Qh1+ {[%clk 0:01:09]} 42. Qc1 {[%clk 0:07:16]} Qe4+
{[%clk 0:01:09]} 43. Qc2 {[%clk 0:06:55]} Qh1+ {[%clk 0:01:16]} 44. Qd1
{[%clk 0:06:37]} Qg2 {[%clk 0:00:58]} 45. Rd2 {[%clk 0:05:52]} Qe4+
{[%clk 0:00:33]} 46. Qc2 {[%clk 0:05:10]} Qh1+ {[%clk 0:00:27]} 47. Rd1
{[%clk 0:04:22]} Qa8 {[%clk 0:00:35]} 48. Qc4 {[%clk 0:04:06]} Qg2
{[%clk 0:00:31]} 49. Qc2 {[%clk 0:03:26]} Qa8 {[%clk 0:00:39]} 1/2-1/2

[Event "Team Championship of Russia (rapid)"]
[Site "Sochi"]
[Date "2015.05.09"]
[Round "9.21"]
[White "Chigaev, Maksim"]
[Black "Golubov, Saveliy"]
[Result "1/2-1/2"]
[LiveChessVersion "1.4.4"]
[BlackElo "2440"]
[WhiteElo "2562"]
[BlackTeam "SHK Rakita"]

1. f4 {[%clk 0:15:18]} d5 {[%clk 0:15:18]} 2. Nf3 {[%clk 0:15:27]} g6
{[%clk 0:15:26]} 3. g3 {[%clk 0:15:35]} Bg7 {[%clk 0:15:35]} 4. Bg2
{[%clk 0:15:44]} c5 {[%clk 0:15:43]} 5. O-O {[%clk 0:15:51]} Nc6 {[%clk 0:15:52]}
6. d3 {[%clk 0:16:00]} e6 {[%clk 0:15:04]} 7. c3 {[%clk 0:15:40]} Nge7
{[%clk 0:15:10]} 8. e4 {[%clk 0:15:47]} O-O {[%clk 0:15:09]} 9. Be3
{[%clk 0:15:09]} b6 {[%clk 0:14:55]} 10. Re1 {[%clk 0:15:12]} dxe4
{[%clk 0:14:39]} 11. dxe4 {[%clk 0:15:20]} Qxd1 {[%clk 0:14:47]} 12. Rxd1
{[%clk 0:15:28]} Ba6 {[%clk 0:14:47]} 13. e5 {[%clk 0:15:17]} Rfd8
{[%clk 0:14:34]} 14. Nbd2 {[%clk 0:15:09]} f6 {[%clk 0:11:51]} 15. exf6
{[%clk 0:15:08]} Bxf6 {[%clk 0:12:00]} 16. Ne4 {[%clk 0:15:15]} Bh8
{[%clk 0:12:06]} 17. Nfg5 {[%clk 0:15:08]} e5 {[%clk 0:11:20]} 18. Ne6
{[%clk 0:15:01]} Rxd1+ {[%clk 0:11:29]} 19. Rxd1 {[%clk 0:15:09]} Bc4
{[%clk 0:10:27]} 20. Nc7 {[%clk 0:11:13]} Rc8 {[%clk 0:10:36]} 21. b3
{[%clk 0:10:21]} Be2 {[%clk 0:09:29]} 22. Rd2 {[%clk 0:10:05]} Bg4
{[%clk 0:09:21]} 23. Nd5 {[%clk 0:09:29]} Nxd5 {[%clk 0:08:23]} 24. Rxd5
{[%clk 0:09:37]} Rd8 {[%clk 0:08:24]} 25. Rd6 {[%clk 0:08:26]} Rxd6
{[%clk 0:06:23]} 26. Nxd6 {[%clk 0:08:34]} Ne7 {[%clk 0:06:31]} 27. Bd2
{[%clk 0:07:43]} exf4 {[%clk 0:06:11]} 28. gxf4 {[%clk 0:07:52]} Bd7
{[%clk 0:05:38]} 29. Kf2 {[%clk 0:07:49]} Nf5 {[%clk 0:04:52]} 30. Nc4
{[%clk 0:06:25]} Kf7 {[%clk 0:04:54]} 31. a4 {[%clk 0:05:47]} Be6
{[%clk 0:04:14]} 32. a5 {[%clk 0:05:36]} Bxc4 {[%clk 0:03:01]} 33. axb6
{[%clk 0:05:44]} axb6 {[%clk 0:03:10]} 34. bxc4 {[%clk 0:05:53]} Ke6
{[%clk 0:02:40]} 35. Ke2 {[%clk 0:05:58]} Kd6 {[%clk 0:02:42]} 36. Kd3
{[%clk 0:06:07]} Ne7 {[%clk 0:02:23]} 37. Be4 {[%clk 0:06:00]} Bf6
{[%clk 0:02:29]} 38. Be1 {[%clk 0:05:40]} Nf5 {[%clk 0:02:34]} 39. Ke2
{[%clk 0:05:48]} Ne7 {[%clk 0:02:24]} 40. Kf3 {[%clk 0:05:24]} Nf5
{[%clk 0:02:33]} 41. Bd5 {[%clk 0:05:05]} Ke7 {[%clk 0:02:27]} 42. Ke4
{[%clk 0:05:00]} Nd6+ {[%clk 0:02:34]} 43. Kd3 {[%clk 0:05:08]} Nf5
{[%clk 0:02:39]} 44. Bd2 {[%clk 0:05:13]} Bg7 {[%clk 0:02:19]} 45. Kc2
{[%clk 0:05:11]} Bh6 {[%clk 0:02:23]} 46. Kd3 {[%clk 0:05:10]} 1/2-1/2